| 000 | 00742nam a2200205Ia 4500 | ||
|---|---|---|---|
| 003 | GCL | ||
| 008 | 140319s9999 xx 000 0 ara d | ||
| 020 | _a5034320977 | ||
| 040 |
_aGCL / _cGCL |
||
| 082 | 0 | 4 |
_a338.9 _bب د |
| 100 | 1 | _aالبنك الدولى | |
| 245 | 1 | 0 |
_aدخول القرن 21 : _bتقرير عن التنمية فى العالم 2000\1999 / _cالبنك الدولى |
| 250 | _aالاولى | ||
| 260 |
_aالقاهرة : _bمركز الاهرام للترجمة والنشر ، _c2000 |
||
| 300 |
_a300 ص ؛ _c30 سم |
||
| 650 | 0 | 4 | _aالتنمية الاقتصادية |
| 650 | 0 | 4 | _aالتنمية الصناعية |
| 650 | 0 | 4 | _aالدول النامية - السياسة الاقتصادية |
| 942 |
_2ddc _cBK |
||
| 999 |
_c1609 _d1609 |
||